مجموعة تشريعات الملكية الفكرية / (Record no. 84786)

MARC details
000 -LEADER
fixed length control field 00614nam a22001937a 4500
005 - DATE AND TIME OF LATEST TRANSACTION
control field 20251108172636.0
008 - FIXED-LENGTH DATA ELEMENTS--GENERAL INFORMATION
fixed length control field 250721s2002 xx 000 0 ara d
082 14 - DEWEY DECIMAL CLASSIFICATION NUMBER
Classification number 346,048/مجم
245 10 - TITLE STATEMENT
Title مجموعة تشريعات الملكية الفكرية /
264 1# - PRODUCTION, PUBLICATION, DISTRIBUTION, MANUFACTURE, AND COPYRIGHT NOTICE
Place of production, publication, distribution, manufacture عمان :
Name of producer, publisher, distributor, manufacturer شركة مكتب نبيل للقانون،
Date of production, publication, distribution, manufacture, or copyright notice 2002.
300 ## - PHYSICAL DESCRIPTION
Extent 390 ص
650 17 - SUBJECT ADDED ENTRY--TOPICAL TERM
Topical term or geographic name as entry element الملكية الفكرية
650 17 - SUBJECT ADDED ENTRY--TOPICAL TERM
Topical term or geographic name as entry element حق الملكية الفكرية
650 17 - SUBJECT ADDED ENTRY--TOPICAL TERM
Topical term or geographic name as entry element حقوق النشر
650 17 - SUBJECT ADDED ENTRY--TOPICAL TERM
Topical term or geographic name as entry element الأردن
710 2# - ADDED ENTRY--CORPORATE NAME
Corporate name or jurisdiction name as entry element شركة مكتب نبيل للقانون
942 ## - ADDED ENTRY ELEMENTS (KOHA)
Source of classification or shelving scheme Dewey Decimal Classification
Koha item type Books
Holdings
حالة السحب حالة الفقدان مصدر التصنيف حالة التلف غير قابل للإعارة المكتبة الرئيسية المكتبة الحالية موقع الرف تاريخ التزويد الرقم المتسلسل Total Checkouts رقم الإستدعاء الباركود تاريخ آخر ظهور تاريخ الفاتورة نوع المادة (كوها)
    Dewey Decimal Classification     مكتبة أم قصير والمقابلين العامة مكتبة أم قصير والمقابلين العامة الإعارة 13/07/2004 921798   346,048/مجم 921798 28/07/2025 13/07/2004 Books
    Dewey Decimal Classification Unchecked   مكتبة الجويدة مكتبة الجويدة الإعارة 28/07/2025 516300   346,048/مجم   28/07/2025 28/07/2025 Books
    Dewey Decimal Classification     مكتبة عدن للأطفال مكتبة عدن للأطفال الإعارة 06/02/2025 1792756   346,048/مجم PLD00514779 28/07/2025 06/02/2025 Books
    Dewey Decimal Classification     مكتبة وادي السير العامة مكتبة وادي السير العامة الإعارة 14/03/2016 397229..   346,048/مجم PLD00379663 28/07/2025 14/03/2016 Books
Implemented & Customized by: BBB with SCIT (Smart Chains for Information Technology)

Powered by Koha